Problémy znalcov podľa príslušnosti k odboru a odvetviu v konaní pre súdy a orgány verejnej moci

Guardado en:
Detalles Bibliográficos
Autor principal: Kudlová, Zuzana, 1986-
Formato: Capítulo de libro
Lenguaje:eslovaco
Materias:
Etiquetas: Agregar Etiqueta
Sin Etiquetas, Sea el primero en etiquetar este registro!

MARC

LEADER 00000naa a2200000 4500
001 0292000
005 20240502074500.0
041 0 |a slo 
044 |a SK 
245 1 0 |a Problémy znalcov podľa príslušnosti k odboru a odvetviu v konaní pre súdy a orgány verejnej moci  |c Zuzana Kudlová 
500 |a Abstrakt 
610 2 0 |a znalci 
610 2 0 |a znalectvo 
610 2 0 |a súdy 
610 2 0 |a orgány nadriadené 
610 2 0 |a orgány štátne 
610 2 0 |a odbory 
610 2 0 |a odvetvia činnosti ekonomickej 
610 2 0 |a personalistika 
610 2 0 |a financie 
610 2 0 |a účtovníctvo 
610 2 0 |a dane 
610 2 0 |a kontroling 
100 1 |a Kudlová, Zuzana, 1986-